The Assyrian sculptures /

محفوظ في:

مؤلف مشترك: British Museum. Department of Egyptian and Assyrian Antiquities.

مؤلفون آخرون: Gadd, C. J. 1893-1969.

التنسيق: كتاب

اللغة: English

منشور في: [London : Printed by order of the Trustees], 1934.

الموضوعات:

الوسوم: إضافة وسم

لا توجد وسوم, كن أول من يضع وسما على هذه التسجيلة!

رقم الطلب: NB80 .B77 1934

LEADER 00877namaa2200253 4500
001 25361
003 OSt
005 20250911065759.0
008 130303s1934 enkf b 000 0 eng d
010 |a 35013342 
040 |c ARCE Library 
050 4 |a NB80 .B77 1934 
110 2 |a British Museum.  |b Department of Egyptian and Assyrian Antiquities. 
245 1 4 |a The Assyrian sculptures /   |c by C.J. Gadd... with eighteen illustrations. 
264 1 |a [London :   |b Printed by order of the Trustees],   |c 1934. 
300 |a 2 p. leaves, 77 p., 1 leaf :   |b XVIII plates ;   |c 25 cm. 
500 |a At head of title : British museum. 
504 |a Bibliography: 1 leaf at end. 
650 0 |a Relief (Sculpture), Assyro-Babylonian. 
650 0 |a Sculpture, Assyro-Babylonian. 
700 1 |a Gadd, C. J.  |q (Cyril John),  |d 1893-1969.  |9 30400 
901 |a reviewed 
942 |c BK  |2 lcc 
999 |c 23790  |d 23790